Name This Famous Person - Science - Statistics

General Stats
  • This quiz has been taken 75 times
  • The average score is 9 of 16
Answer Stats
Picture Answer % Correct
Albert Einstein
100%
Marie Curie
91%
Stephen Hawking
91%
Isaac Newton
87%
Nikola Tesla
79%
Galileo Galilei
76%
Charles Darwin
73%
Thomas Edison
61%
Nicolaus Copernicus
55%
Alan Turing
43%
Gregor Mendel
34%
Niels Bohr
25%
Johannes Kepler
24%
Louis Pasteur
16%
Alexander Graham Bell
15%
Alexander Fleming
6%
No matching quizzes found
Score Distribution
Percent of People with Each Score
Percentile by Number Answered
Your Score History
You have not taken this quiz